[Event "Ceske Budejovice Open-A 2019"]
[Site "Ceske Budejovice"]
[Date "2019.07.05"]
[Round "7.7"]
[White "Barrish, Daniel"]
[Black "Schmid, Thomas"]
[Result "1-0"]
[WhiteElo "2237"]
[BlackElo "2201"]
[Annotator "NA"]
[PlyCount "59"]
[EventDate "2019.07.02"]
[EventCountry "CZE"]
[SourceTitle "playchess.com"]
[Source "ChessBase"]
[SourceQuality "1"]
[TimeControl "5400+30"]

1. d4 {[%emt 0:00:00]} Nf6 {[%emt 0:00:00]} 2. c4 {[%emt 0:00:00]} e6 {[%emt 0:00:00]} 3. Nf3 {[%emt 0:00:00]} d5 {[%emt 0:00:00]} 4. g3 {[%emt 0:00:00]} Be7 {[%emt 0:00:00]} 5. Bg2 {[%emt 0:00:02]} O-O {[%emt 0:00:05]} 6. O-O {[%emt 0:00:07]} dxc4 {[%emt 0:00:13]} 7. Ne5 {[%emt 0:00:09]} c5 {[%emt 0:00:58]} 8. dxc5 {[%emt 0:00:54]} Qc7 {[%emt 0:00:12]} 9. Nxc4 {[%emt 0:00:37]} Qxc5 {[%emt 0:00:06]} 10. Nba3 {[%emt 0:03:54]} Rd8 {[%emt 0:01:11]} 11. Bd2 {[%emt 0:06:24]} Nc6 {[%emt 0:02:00]} 12. Rc1 {[%emt 0:03:00]} Rb8 {[%emt 0:19:29]} 13. Qe1 {[%emt 0:02:53]} Qh5 {[%emt 0:02:35]} 14. Nc2 {[%emt 0:13:06]} e5 {[%emt 0:04:57]} 15. e4 {[%emt 0:09:17]} Be6 {[%emt 0:08:13]} 16. b3 {[%emt 0:02:20]} Bc5 {[%emt 0:04:14]} 17. N2e3 {[%emt 0:05:12]} Bd4 {[%emt 0:07:47]} 18. f3 {[%emt 0:02:12]} b5 {[%emt 0:07:57]} 19. Na3 {[%emt 0:09:52]} Rdc8 {[%emt 0:00:27]} 20. Nac2 {[%emt 0:00:30]} Bb6 {[%emt 0:01:20]} 21. Kh1 {[%emt 0:02:12]} Nd7 {[%emt 0:14:56]} 22. Nb4 {[%emt 0:04:26]} Nxb4 {[%emt 0:01:55]} 23. Bxb4 {[%emt 0:00:07]} Bc5 {[%emt 0:04:48]} 24. Bxc5 {[%emt 0:02:39]} Nxc5 {[%emt 0:00:41]} 25. Qb4 {[%emt 0:03:10]} Qh6 {[%emt 0:06:12]} 26. f4 {[%emt 0:08:53]} exf4 {[%emt 0:00:22]} 27. gxf4 {[%emt 0:00:07]} Nd3 {[%emt 0:00:32]} 28. Rxc8+ {[%emt 0:00:14]} Rxc8 {[%emt 0:00:22]} 29. Qd6 {[%emt 0:01:25]} Nxf4 {[%emt 0:09:42]} 30. Qxf4 {[%emt 0:00:28]} 1-0

[Event "Ceske Budejovice Open-A 2019"]
[Site "Ceske Budejovice"]
[Date "2019.07.05"]
[Round "7.8"]
[White "Vltavsky, Vladimir"]
[Black "Lys, Josef"]
[Result "1-0"]
[WhiteElo "2179"]
[BlackElo "2149"]
[Annotator "NA"]
[PlyCount "67"]
[EventDate "2019.07.02"]
[EventCountry "CZE"]
[SourceTitle "playchess.com"]
[Source "ChessBase"]
[SourceQuality "1"]
[TimeControl "5400+30"]

1. e4 {[%emt 0:00:09]} c6 {[%emt 0:00:00]} 2. d4 {[%emt 0:00:10]} d5 {[%emt 0:00:00]} 3. e5 {[%emt 0:00:17]} Bf5 {[%emt 0:00:00]} 4. Nf3 {[%emt 0:00:06]} e6 {[%emt 0:00:04]} 5. Be2 {[%emt 0:00:10]} Ne7 {[%emt 0:02:14]} 6. Nh4 {[%emt 0:01:03]} h6 {[%emt 0:00:46]} 7. Nxf5 {[%emt 0:00:26]} Nxf5 {[%emt 0:00:09]} 8. c3 {[%emt 0:00:47]} Nd7 {[%emt 0:00:35]} 9. Bd3 {[%emt 0:00:45]} g6 {[%emt 0:02:43]} 10. Nd2 {[%emt 0:09:14]} Bg7 {[%emt 0:01:30]} 11. Nf3 {[%emt 0:01:39]} Qe7 {[%emt 0:03:41]} 12. a4 {[%emt 0:00:26]} O-O {[%emt 0:13:51]} 13. h4 {[%emt 0:04:10]} f6 {[%emt 0:01:16]} 14. g4 {[%emt 0:04:56]} fxe5 {[%emt 0:01:26]} 15. dxe5 {[%emt 0:00:08]} Nxe5 {[%emt 0:03:30]} 16. Nxe5 {[%emt 0:00:46]} Nxh4 {[%emt 0:00:23]} 17. Nxg6 {[%emt 0:02:33]} Nxg6 {[%emt 0:04:41]} 18. Bxg6 {[%emt 0:00:13]} Qf6 {[%emt 0:08:04]} 19. Qc2 {[%emt 0:00:07]} Qf3 {[%emt 0:00:57]} 20. Rg1 {[%emt 0:00:59]} c5 {[%emt 0:03:56]} 21. Ra3 {[%emt 0:02:57]} c4 {[%emt 0:01:40]} 22. Qe2 {[%emt 0:01:53]} Qf6 {[%emt 0:07:47]} 23. Bc2 {[%emt 0:01:08]} Qh4 {[%emt 0:02:45]} 24. Be3 {[%emt 0:10:06]} Qh2 {[%emt 0:09:52]} 25. f4 {[%emt 0:05:04]} Qh3 {[%emt 0:02:21]} 26. Kd2 {[%emt 0:01:46]} e5 {[%emt 0:04:50]} 27. f5 {[%emt 0:04:28]} Rad8 {[%emt 0:04:11]} 28. Kc1 {[%emt 0:01:56]} Rd7 {[%emt 0:10:18]} 29. Bxa7 {[%emt 0:02:36]} Qh4 {[%emt 0:01:44]} 30. Bf2 {[%emt 0:04:22]} Qd8 {[%emt 0:03:10]} 31. a5 {[%emt 0:03:30]} Qc8 {[%emt 0:04:52]} 32. Ra4 {[%emt 0:00:43]} Rc7 {[%emt 0:00:21]} 33. g5 {[%emt 0:01:27]} hxg5 {[%emt 0:00:26]} 34. Rxg5 {[%emt 0:00:07]} 1-0

[Event "Ceske Budejovice Open-A 2019"]
[Site "Ceske Budejovice"]
[Date "2019.07.05"]
[Round "7.9"]
[White "Muron, Miroslav"]
[Black "Sykora, Ondrej"]
[Result "1-0"]
[WhiteElo "2215"]
[BlackElo "2065"]
[Annotator "NA"]
[PlyCount "103"]
[EventDate "2019.07.02"]
[EventCountry "CZE"]
[SourceTitle "playchess.com"]
[Source "ChessBase"]
[SourceQuality "1"]
[TimeControl "5400+30"]

1. e4 {[%emt 0:00:00]} Nf6 {[%emt 0:00:32]} 2. Nc3 {[%emt 0:03:28]} e5 {[%emt 0:00:09]} 3. g3 {[%emt 0:00:20]} Nc6 {[%emt 0:00:07]} 4. Bg2 {[%emt 0:00:06]} Bc5 {[%emt 0:00:21]} 5. d3 {[%emt 0:00:16]} a6 {[%emt 0:00:57]} 6. Nf3 {[%emt 0:01:37]} d6 {[%emt 0:00:07]} 7. O-O {[%emt 0:03:29]} O-O {[%emt 0:01:06]} 8. h3 {[%emt 0:00:49]} h6 {[%emt 0:00:13]} 9. Kh2 {[%emt 0:02:01]} Kh7 {[%emt 0:00:30]} 10. Nh4 {[%emt 0:02:24]} Ng8 {[%emt 0:00:08]} 11. Nd5 {[%emt 0:02:09]} Nce7 {[%emt 0:01:02]} 12. Nxe7 {[%emt 0:03:45]} Nxe7 {[%emt 0:02:00]} 13. c3 {[%emt 0:05:18]} c6 {[%emt 0:03:07]} 14. f4 {[%emt 0:03:34]} exf4 {[%emt 0:00:38]} 15. gxf4 {[%emt 0:00:48]} f5 {[%emt 0:01:23]} 16. Qe2 {[%emt 0:07:29]} d5 {[%emt 0:00:52]} 17. e5 {[%emt 0:01:29]} Be6 {[%emt 0:03:56]} 18. d4 {[%emt 0:01:04]} Ba7 {[%emt 0:00:22]} 19. Be3 {[%emt 0:01:05]} b6 {[%emt 0:00:05]} 20. Rg1 {[%emt 0:04:14]} g6 {[%emt 0:01:30]} 21. Bf3 {[%emt 0:12:55]} a5 {[%emt 0:01:00]} 22. Rg3 {[%emt 0:00:46]} Rg8 {[%emt 0:00:42]} 23. Rag1 {[%emt 0:00:10]} Bb8 {[%emt 0:07:54]} 24. Ng2 {[%emt 0:02:03]} Bc7 {[%emt 0:02:32]} 25. h4 {[%emt 0:00:05]} Qd7 {[%emt 0:00:23]} 26. h5 {[%emt 0:06:00]} gxh5 {[%emt 0:00:35]} 27. Bxh5 {[%emt 0:02:50]} Rxg3 {[%emt 0:00:21]} 28. Kxg3 {[%emt 0:00:04]} Rg8+ {[%emt 0:00:12]} 29. Kf2 {[%emt 0:01:16]} Bd8 {[%emt 0:03:07]} 30. Rh1 {[%emt 0:00:53]} Nc8 {[%emt 0:01:24]} 31. Kf1 {[%emt 0:04:34]} Qg7 {[%emt 0:04:32]} 32. Rh3 {[%emt 0:05:58]} Be7 {[%emt 0:02:50]} 33. Ne1 {[%emt 0:00:57]} Bf8 {[%emt 0:08:32]} 34. Qh2 {[%emt 0:00:13]} Qd7 {[%emt 0:08:42]} 35. Be2 {[%emt 0:00:37]} Rg6 {[%emt 0:16:05]} 36. Bf2 {[%emt 0:03:24]} Ne7 {[%emt 0:01:05]} 37. Bh4 {[%emt 0:01:48]} Ng8 {[%emt 0:08:34]} 38. Bh5 {[%emt 0:02:05]} Rg7 {[%emt 0:00:46]} 39. Bg5 {[%emt 0:04:14]} c5 {[%emt 0:03:30]} 40. Be2 {[%emt 0:01:11]} Rg6 {[%emt 0:00:41]} 41. Nf3 {[%emt 0:02:33]} Qa4 {[%emt 0:07:02]} 42. Nh4 {[%emt 0:02:03]} Rxg5 {[%emt 0:00:10]} 43. fxg5 {[%emt 0:00:08]} cxd4 {[%emt 0:00:17]} 44. Qf4 {[%emt 0:03:08]} Qxa2 {[%emt 0:01:30]} 45. cxd4 {[%emt 0:05:36]} Qb1+ {[%emt 0:03:10]} 46. Kf2 {[%emt 0:00:23]} Bb4 {[%emt 0:00:00]} 47. Ng2 {[%emt 0:00:00]} Qxb2 {[%emt 0:00:00]} 48. Rd3 {[%emt 0:00:00]} a4 {[%emt 0:00:00]} 49. Nh4 {[%emt 0:00:00]} a3 {[%emt 0:00:00]} 50. gxh6 {[%emt 0:00:00]} Nxh6 {[%emt 0:01:54]} 51. Qg5 {[%emt 0:00:00]} Bf7 {[%emt 0:01:05]} 52. Nxf5 {[%emt 0:00:00]} 1-0

[Event "Ceske Budejovice Open-A 2019"]
[Site "Ceske Budejovice"]
[Date "2019.07.05"]
[Round "7.10"]
[White "Placer, Sebastian"]
[Black "Glimbrant, Torbjorn"]
[Result "1-0"]
[WhiteElo "2040"]
[BlackElo "2195"]
[Annotator "NA"]
[PlyCount "119"]
[EventDate "2019.07.02"]
[EventCountry "CZE"]
[SourceTitle "playchess.com"]
[Source "ChessBase"]
[SourceQuality "1"]
[TimeControl "5400+30"]

1. d4 {[%emt 0:00:00]} d5 {[%emt 0:02:54]} 2. Nf3 {[%emt 0:00:00]} Nf6 {[%emt 0:00:30]} 3. c4 {[%emt 0:00:05]} dxc4 {[%emt 0:00:30]} 4. e3 {[%emt 0:00:05]} e6 {[%emt 0:00:18]} 5. Bxc4 {[%emt 0:00:08]} c5 {[%emt 0:00:12]} 6. O-O {[%emt 0:00:12]} a6 {[%emt 0:00:36]} 7. Qe2 {[%emt 0:00:27]} Nc6 {[%emt 0:01:56]} 8. Rd1 {[%emt 0:00:27]} Qc7 {[%emt 0:01:35]} 9. Bb3 {[%emt 0:01:09]} b5 {[%emt 0:06:19]} 10. h3 {[%emt 0:00:38]} Bb7 {[%emt 0:01:15]} 11. Nbd2 {[%emt 0:01:09]} cxd4 {[%emt 0:05:02]} 12. Nxd4 {[%emt 0:00:52]} Nxd4 {[%emt 0:17:22]} 13. exd4 {[%emt 0:00:33]} Be7 {[%emt 0:00:11]} 14. Nf3 {[%emt 0:00:34]} O-O {[%emt 0:00:44]} 15. Bg5 {[%emt 0:01:04]} Nd5 {[%emt 0:02:13]} 16. Rac1 {[%emt 0:05:20]} Qd8 {[%emt 0:01:26]} 17. Be3 {[%emt 0:00:30]} Qd6 {[%emt 0:04:18]} 18. Ne5 {[%emt 0:03:54]} Rac8 {[%emt 0:12:45]} 19. Nd3 {[%emt 0:10:24]} Nxe3 {[%emt 0:05:05]} 20. fxe3 {[%emt 0:03:15]} Bd5 {[%emt 0:01:01]} 21. Nc5 {[%emt 0:05:51]} Bxb3 {[%emt 0:12:54]} 22. Nxb3 {[%emt 0:00:14]} Qg3 {[%emt 0:01:55]} 23. Qf2 {[%emt 0:08:44]} Qb8 {[%emt 0:01:05]} 24. Qf3 {[%emt 0:07:47]} Qb6 {[%emt 0:05:31]} 25. Kh1 {[%emt 0:06:21]} a5 {[%emt 0:05:42]} 26. Nd2 {[%emt 0:03:51]} a4 {[%emt 0:01:05]} 27. Ne4 {[%emt 0:00:56]} a3 {[%emt 0:02:07]} 28. b3 {[%emt 0:03:40]} f5 {[%emt 0:00:18]} 29. Nc3 {[%emt 0:02:10]} Bb4 {[%emt 0:01:37]} 30. Ne2 {[%emt 0:01:05]} g6 {[%emt 0:01:09]} 31. Nf4 {[%emt 0:01:50]} g5 {[%emt 0:04:14]} 32. Nd3 {[%emt 0:03:25]} Bd6 {[%emt 0:00:17]} 33. Qh5 {[%emt 0:02:03]} Rxc1 {[%emt 0:01:09]} 34. Qxg5+ {[%emt 0:00:43]} Kh8 {[%emt 0:00:40]} 35. Rxc1 {[%emt 0:00:40]} Qb7 {[%emt 0:00:49]} 36. Nf4 {[%emt 0:11:57]} Qf7 {[%emt 0:00:15]} 37. Qh6 {[%emt 0:05:17]} Bxf4 {[%emt 0:00:39]} 38. Qxf4 {[%emt 0:00:07]} Qf6 {[%emt 0:00:45]} 39. Rc5 {[%emt 0:00:46]} b4 {[%emt 0:00:09]} 40. Rc4 {[%emt 0:00:52]} Re8 {[%emt 0:00:53]} 41. Rxb4 {[%emt 0:03:16]} h5 {[%emt 0:00:00]} 42. Rb8 {[%emt 0:00:00]} Rxb8 {[%emt 0:00:00]} 43. Qxb8+ {[%emt 0:00:00]} Kh7 {[%emt 0:00:00]} 44. Qa7+ {[%emt 0:00:00]} Kg6 {[%emt 0:00:00]} 45. Qxa3 {[%emt 0:00:00]} Qh4 {[%emt 0:00:00]} 46. Qd6 {[%emt 0:00:00]} Qe1+ {[%emt 0:00:00]} 47. Kh2 {[%emt 0:00:00]} Kf7 {[%emt 0:00:00]} 48. d5 {[%emt 0:00:00]} exd5 {[%emt 0:00:00]} 49. Qxd5+ {[%emt 0:00:00]} Kg6 {[%emt 0:00:00]} 50. Qe5 {[%emt 0:00:00]} Qb1 {[%emt 0:00:00]} 51. Qe6+ {[%emt 0:00:00]} Kg7 {[%emt 0:00:00]} 52. a4 {[%emt 0:00:00]} Qc2 {[%emt 0:00:00]} 53. Qc4 {[%emt 0:00:00]} Qa2 {[%emt 0:00:00]} 54. Qc3+ {[%emt 0:00:00]} Kg6 {[%emt 0:00:00]} 55. a5 {[%emt 0:00:00]} h4 {[%emt 0:00:00]} 56. b4 {[%emt 0:00:00]} Qf2 {[%emt 0:00:00]} 57. Qe5 {[%emt 0:00:00]} Qe1 {[%emt 0:00:00]} 58. a6 {[%emt 0:00:00]} Qxb4 {[%emt 0:00:44]} 59. a7 {[%emt 0:00:00]} Qa3 {[%emt 0:01:15]} 60. Qb8 {[%emt 0:00:00]} 1-0

[Event "Ceske Budejovice Open-A 2019"]
[Site "Ceske Budejovice"]
[Date "2019.07.05"]
[Round "7.11"]
[White "Vahala, Tomas"]
[Black "Steiner, Bruno"]
[Result "1/2-1/2"]
[WhiteElo "1774"]
[BlackElo "2179"]
[Annotator "NA"]
[PlyCount "55"]
[EventDate "2019.07.02"]
[EventCountry "CZE"]
[SourceTitle "playchess.com"]
[Source "ChessBase"]
[SourceQuality "1"]
[TimeControl "5400+30"]

1. d4 {[%emt 0:00:00]} d5 {[%emt 0:00:37]} 2. Nf3 {[%emt 0:00:00]} e6 {[%emt 0:01:30]} 3. c4 {[%emt 0:00:28]} c6 {[%emt 0:00:34]} 4. e3 {[%emt 0:02:36]} Nf6 {[%emt 0:00:09]} 5. Bd3 {[%emt 0:04:06]} Nbd7 {[%emt 0:02:35]} 6. O-O {[%emt 0:01:16]} b6 {[%emt 0:06:05]} 7. b3 {[%emt 0:01:28]} Bb7 {[%emt 0:03:36]} 8. Bb2 {[%emt 0:00:31]} Ne4 {[%emt 0:04:16]} 9. cxd5 {[%emt 0:04:10]} exd5 {[%emt 0:03:03]} 10. Nbd2 {[%emt 0:01:39]} Ndf6 {[%emt 0:04:25]} 11. Ne5 {[%emt 0:09:06]} Bd6 {[%emt 0:06:35]} 12. f3 {[%emt 0:09:25]} Nxd2 {[%emt 0:05:45]} 13. Qxd2 {[%emt 0:00:01]} O-O {[%emt 0:00:37]} 14. Rac1 {[%emt 0:05:08]} Rc8 {[%emt 0:04:54]} 15. Qe2 {[%emt 0:04:36]} Re8 {[%emt 0:05:56]} 16. f4 {[%emt 0:08:42]} Re7 {[%emt 0:05:42]} 17. Bf5 {[%emt 0:03:35]} Rcc7 {[%emt 0:01:31]} 18. Rf3 {[%emt 0:01:36]} g6 {[%emt 0:04:34]} 19. Rg3 {[%emt 0:04:28]} Bxe5 {[%emt 0:04:19]} 20. dxe5 {[%emt 0:01:04]} Ne4 {[%emt 0:00:32]} 21. Bxe4 {[%emt 0:01:08]} dxe4 {[%emt 0:00:04]} 22. f5 {[%emt 0:00:28]} Rcd7 {[%emt 0:13:44]} 23. Qh5 {[%emt 0:05:41]} Rd5 {[%emt 0:03:51]} 24. Rf1 {[%emt 0:09:32]} Rexe5 {[%emt 0:08:03]} 25. Bxe5 {[%emt 0:00:53]} Rxe5 {[%emt 0:00:14]} 26. Qh6 {[%emt 0:01:35]} Ba6 {[%emt 0:04:19]} 27. fxg6 {[%emt 0:01:27]} fxg6 {[%emt 0:02:54]} 28. Rxg6+ {[%emt 0:05:18]} 1/2-1/2

[Event "Ceske Budejovice Open-A 2019"]
[Site "Ceske Budejovice"]
[Date "2019.07.05"]
[Round "7.12"]
[White "Mulenko, Alexander"]
[Black "Nezval, Filip"]
[Result "1-0"]
[WhiteElo "2055"]
[BlackElo "1860"]
[Annotator "NA"]
[PlyCount "81"]
[EventDate "2019.07.02"]
[EventCountry "CZE"]
[SourceTitle "playchess.com"]
[Source "ChessBase"]
[SourceQuality "1"]
[TimeControl "5400+30"]

1. Nf3 {[%emt 0:00:00]} d5 {[%emt 0:00:00]} 2. c4 {[%emt 0:00:00]} e6 {[%emt 0:00:00]} 3. g3 {[%emt 0:00:00]} Nf6 {[%emt 0:00:07]} 4. Bg2 {[%emt 0:00:05]} Be7 {[%emt 0:00:17]} 5. b3 {[%emt 0:00:05]} c5 {[%emt 0:01:55]} 6. cxd5 {[%emt 0:00:21]} exd5 {[%emt 0:03:47]} 7. d4 {[%emt 0:00:58]} Nc6 {[%emt 0:13:40]} 8. O-O {[%emt 0:00:29]} Bf5 {[%emt 0:01:14]} 9. Nc3 {[%emt 0:07:33]} Ne4 {[%emt 0:07:44]} 10. Bb2 {[%emt 0:07:42]} Bf6 {[%emt 0:06:32]} 11. e3 {[%emt 0:00:39]} O-O {[%emt 0:05:29]} 12. Ne2 {[%emt 0:04:18]} Re8 {[%emt 0:06:24]} 13. Rc1 {[%emt 0:06:48]} b5 {[%emt 0:14:05]} 14. h3 {[%emt 0:17:53]} c4 {[%emt 0:07:12]} 15. g4 {[%emt 0:00:47]} Be6 {[%emt 0:03:12]} 16. Ne5 {[%emt 0:02:29]} Bxe5 {[%emt 0:02:26]} 17. dxe5 {[%emt 0:00:11]} Nc5 {[%emt 0:00:40]} 18. Nf4 {[%emt 0:02:52]} Nb4 {[%emt 0:03:45]} 19. bxc4 {[%emt 0:04:42]} dxc4 {[%emt 0:03:39]} 20. Bxa8 {[%emt 0:01:07]} Qxa8 {[%emt 0:00:43]} 21. Bd4 {[%emt 0:01:49]} Ncd3 {[%emt 0:01:19]} 22. Nxd3 {[%emt 0:00:50]} Nxd3 {[%emt 0:00:11]} 23. Rc3 {[%emt 0:02:49]} b4 {[%emt 0:03:28]} 24. Rc2 {[%emt 0:03:09]} a5 {[%emt 0:00:58]} 25. f3 {[%emt 0:02:35]} Qa6 {[%emt 0:01:15]} 26. f4 {[%emt 0:00:50]} Bd5 {[%emt 0:00:32]} 27. Rd2 {[%emt 0:01:20]} Be4 {[%emt 0:00:30]} 28. f5 {[%emt 0:02:05]} c3 {[%emt 0:02:05]} 29. Rh2 {[%emt 0:00:38]} f6 {[%emt 0:01:10]} 30. Qb3+ {[%emt 0:02:34]} Kf8 {[%emt 0:01:03]} 31. Rd1 {[%emt 0:02:59]} Qb5 {[%emt 0:03:10]} 32. Rxd3 {[%emt 0:07:33]} Bxd3 {[%emt 0:00:43]} 33. exf6 {[%emt 0:01:15]} gxf6 {[%emt 0:00:57]} 34. Bxf6 {[%emt 0:00:20]} c2 {[%emt 0:00:57]} 35. Rxc2 {[%emt 0:01:57]} Bxc2 {[%emt 0:00:10]} 36. Qxc2 {[%emt 0:00:19]} Kf7 {[%emt 0:04:07]} 37. Bd4 {[%emt 0:00:14]} Qd5 {[%emt 0:01:08]} 38. f6 {[%emt 0:02:21]} Qd6 {[%emt 0:01:53]} 39. Qxh7+ {[%emt 0:00:34]} Ke6 {[%emt 0:00:01]} 40. Qf5+ {[%emt 0:01:28]} Kf7 {[%emt 0:00:20]} 41. Qh5+ {[%emt 0:00:34]} 1-0

[Event "Ceske Budejovice Open-A 2019"]
[Site "Ceske Budejovice"]
[Date "2019.07.05"]
[Round "7.13"]
[White "Nagy, Ladislav"]
[Black "Malinovsky, Petr"]
[Result "1-0"]
[WhiteElo "2061"]
[BlackElo "2058"]
[Annotator "NA"]
[PlyCount "101"]
[EventDate "2019.07.02"]
[EventCountry "CZE"]
[SourceTitle "playchess.com"]
[Source "ChessBase"]
[SourceQuality "1"]
[TimeControl "5400+30"]

1. e4 {[%emt 0:00:52]} c5 {[%emt 0:00:00]} 2. Nc3 {[%emt 0:00:49]} g6 {[%emt 0:00:00]} 3. g3 {[%emt 0:00:20]} Nc6 {[%emt 0:00:09]} 4. Bg2 {[%emt 0:00:46]} Bg7 {[%emt 0:00:11]} 5. d3 {[%emt 0:00:58]} d6 {[%emt 0:00:13]} 6. f4 {[%emt 0:00:57]} f5 {[%emt 0:00:13]} 7. Nf3 {[%emt 0:02:00]} Nf6 {[%emt 0:00:16]} 8. O-O {[%emt 0:01:28]} O-O {[%emt 0:00:08]} 9. Kh1 {[%emt 0:01:58]} Kh8 {[%emt 0:00:07]} 10. Be3 {[%emt 0:04:55]} Be6 {[%emt 0:00:33]} 11. Bg1 {[%emt 0:01:40]} Bg8 {[%emt 0:00:19]} 12. Qd2 {[%emt 0:10:43]} Qd7 {[%emt 0:01:08]} 13. Rfe1 {[%emt 0:11:16]} Rae8 {[%emt 0:04:47]} 14. exf5 {[%emt 0:07:26]} gxf5 {[%emt 0:00:58]} 15. Rad1 {[%emt 0:02:35]} b6 {[%emt 0:05:49]} 16. d4 {[%emt 0:07:34]} Ne4 {[%emt 0:09:05]} 17. Nxe4 {[%emt 0:02:58]} fxe4 {[%emt 0:00:47]} 18. Rxe4 {[%emt 0:02:28]} Bd5 {[%emt 0:03:15]} 19. Ree1 {[%emt 0:01:54]} Bxf3 {[%emt 0:01:02]} 20. Bxf3 {[%emt 0:00:20]} Nxd4 {[%emt 0:02:56]} 21. Bxd4 {[%emt 0:03:51]} Bxd4 {[%emt 0:00:47]} 22. c3 {[%emt 0:01:10]} Bf6 {[%emt 0:11:15]} 23. Qg2 {[%emt 0:01:42]} Qf5 {[%emt 0:08:19]} 24. Be4 {[%emt 0:05:24]} Qg4 {[%emt 0:04:29]} 25. Bc6 {[%emt 0:03:07]} Rd8 {[%emt 0:02:37]} 26. Bf3 {[%emt 0:02:08]} Qg7 {[%emt 0:04:58]} 27. Re6 {[%emt 0:02:58]} b5 {[%emt 0:01:00]} 28. Rd2 {[%emt 0:03:15]} b4 {[%emt 0:01:31]} 29. c4 {[%emt 0:00:48]} a5 {[%emt 0:00:56]} 30. b3 {[%emt 0:02:28]} Rd7 {[%emt 0:01:56]} 31. Bd1 {[%emt 0:00:54]} Bd4 {[%emt 0:14:41]} 32. Rde2 {[%emt 0:03:18]} Rf6 {[%emt 0:07:52]} 33. Bc2 {[%emt 0:02:02]} Rxe6 {[%emt 0:00:56]} 34. Rxe6 {[%emt 0:00:11]} Rd8 {[%emt 0:01:42]} 35. Qh3 {[%emt 0:01:09]} Bf6 {[%emt 0:01:22]} 36. Qh5 {[%emt 0:03:17]} Rf8 {[%emt 0:02:44]} 37. Kg2 {[%emt 0:02:45]} Qf7 {[%emt 0:02:22]} 38. Qxf7 {[%emt 0:02:20]} Rxf7 {[%emt 0:02:25]} 39. Kf3 {[%emt 0:00:54]} Kg7 {[%emt 0:00:34]} 40. g4 {[%emt 0:01:11]} Be5 {[%emt 0:01:18]} 41. Bf5 {[%emt 0:00:33]} Bf6 {[%emt 0:00:00]} 42. Ke4 {[%emt 0:00:00]} Rf8 {[%emt 0:00:00]} 43. g5 {[%emt 0:00:00]} Bd4 {[%emt 0:00:00]} 44. Rxe7+ {[%emt 0:00:00]} Kh8 {[%emt 0:00:00]} 45. Rxh7+ {[%emt 0:00:00]} Kg8 {[%emt 0:00:00]} 46. Re7 {[%emt 0:00:00]} Ra8 {[%emt 0:00:00]} 47. Bd7 {[%emt 0:00:00]} Ra6 {[%emt 0:00:00]} 48. f5 {[%emt 0:00:00]} Kf8 {[%emt 0:00:00]} 49. f6 {[%emt 0:00:00]} Ra7 {[%emt 0:00:00]} 50. Kf5 {[%emt 0:00:00]} a4 {[%emt 0:00:00]} 51. Re8+ {[%emt 0:00:00]} 1-0

[Event "Ceske Budejovice Open-A 2019"]
[Site "Ceske Budejovice"]
[Date "2019.07.05"]
[Round "7.14"]
[White "Rolinek, Dominik"]
[Black "Tajovsky, Matej"]
[Result "1-0"]
[WhiteElo "2004"]
[BlackElo "1779"]
[Annotator "NA"]
[PlyCount "53"]
[EventDate "2019.07.02"]
[EventCountry "CZE"]
[SourceTitle "playchess.com"]
[Source "ChessBase"]
[SourceQuality "1"]
[TimeControl "5400+30"]

1. d4 Nf6 2. Bf4 d5 3. e3 e6 4. Nf3 Bd6 5. Bg3 O-O 6. Bd3 Nbd7 7. Nbd2 b6 8. Ne5 Bb7 9. c3 Ne4 10. Qc2 f5 11. Ndf3 c5 12. Nxd7 Qxd7 13. Bxd6 Qxd6 14. Ne5 Rac8 15. f3 Ng5 16. O-O Rf6 17. Rae1 Rh6 18. Qa4 Bc6 19. Qxa7 Be8 20. f4 Ne4 21. Bxe4 fxe4 22. f5 cxd4 23. exd4 Rc7 24. Qb8 Qe7 25. Ng4 Rh5 26. f6 Qd7 27. f7+ 1-0

[Event "Ceske Budejovice Open-A 2019"]
[Site "Ceske Budejovice"]
[Date "2019.07.05"]
[Round "7.15"]
[White "Brom, Jiri"]
[Black "Zacek, Petr"]
[Result "1-0"]
[WhiteElo "2018"]
[BlackElo "1883"]
[Annotator "NA"]
[PlyCount "81"]
[EventDate "2019.07.02"]
[EventCountry "CZE"]
[SourceTitle "playchess.com"]
[Source "ChessBase"]
[SourceQuality "1"]
[TimeControl "5400+30"]

1. d4 {[%emt 0:01:58]} d5 {[%emt 0:00:00]} 2. Nf3 {[%emt 0:00:12]} Nf6 {[%emt 0:00:00]} 3. e3 {[%emt 0:00:16]} Bf5 {[%emt 0:00:06]} 4. c4 {[%emt 0:00:30]} e6 {[%emt 0:00:17]} 5. Qb3 {[%emt 0:01:10]} b6 {[%emt 0:00:43]} 6. Nc3 {[%emt 0:02:22]} h6 {[%emt 0:00:20]} 7. cxd5 {[%emt 0:02:39]} exd5 {[%emt 0:00:19]} 8. Be2 {[%emt 0:01:13]} Be7 {[%emt 0:00:25]} 9. O-O {[%emt 0:03:09]} O-O {[%emt 0:00:32]} 10. Bd2 {[%emt 0:01:28]} c6 {[%emt 0:01:42]} 11. Rfc1 {[%emt 0:01:01]} Bc8 {[%emt 0:10:29]} 12. h3 {[%emt 0:10:47]} Bb7 {[%emt 0:00:15]} 13. a4 {[%emt 0:05:00]} c5 {[%emt 0:05:37]} 14. dxc5 {[%emt 0:00:54]} Bxc5 {[%emt 0:00:12]} 15. Nb5 {[%emt 0:04:44]} Nc6 {[%emt 0:02:12]} 16. Bc3 {[%emt 0:02:48]} Ne4 {[%emt 0:04:43]} 17. Rd1 {[%emt 0:02:42]} Qe7 {[%emt 0:02:34]} 18. Be1 {[%emt 0:07:30]} Rad8 {[%emt 0:10:27]} 19. Rac1 {[%emt 0:08:56]} Kh8 {[%emt 0:07:07]} 20. Nbd4 {[%emt 0:08:04]} Nxd4 {[%emt 0:05:33]} 21. Nxd4 {[%emt 0:01:32]} f5 {[%emt 0:03:25]} 22. Bf1 {[%emt 0:05:34]} f4 {[%emt 0:05:10]} 23. exf4 {[%emt 0:07:11]} Rxf4 {[%emt 0:00:48]} 24. f3 {[%emt 0:00:36]} Qf6 {[%emt 0:05:14]} 25. Rxc5 {[%emt 0:01:03]} Nxc5 {[%emt 0:08:07]} 26. Qe3 {[%emt 0:10:06]} Qf7 {[%emt 0:00:59]} 27. Bg3 {[%emt 0:01:47]} Rf6 {[%emt 0:00:35]} 28. Re1 {[%emt 0:01:25]} Ba6 {[%emt 0:09:52]} 29. Bxa6 {[%emt 0:02:12]} Nxa6 {[%emt 0:00:09]} 30. Bh4 {[%emt 0:01:10]} g5 {[%emt 0:00:56]} 31. Bg3 {[%emt 0:00:07]} Kg8 {[%emt 0:01:42]} 32. h4 {[%emt 0:01:00]} Rg6 {[%emt 0:04:04]} 33. h5 {[%emt 0:02:05]} Rg7 {[%emt 0:00:27]} 34. Be5 {[%emt 0:00:26]} Rh7 {[%emt 0:00:16]} 35. g4 {[%emt 0:00:04]} Nc5 {[%emt 0:01:04]} 36. Nf5 {[%emt 0:00:20]} Nd7 {[%emt 0:01:27]} 37. Nxh6+ {[%emt 0:00:18]} Rxh6 {[%emt 0:00:40]} 38. Qxg5+ {[%emt 0:00:03]} Kh7 {[%emt 0:00:31]} 39. Qxd8 {[%emt 0:00:19]} Nxe5 {[%emt 0:01:44]} 40. Rxe5 {[%emt 0:00:10]} Re6 {[%emt 0:00:09]} 41. Qxd5 {[%emt 0:02:15]} 1-0